[Event "Kuwait Rapid op 3rd"]
[Site "Kuwait City"]
[Date "2025.05.03"]
[Round "8"]
[White "Rakhmatullaev, Almas"]
[Black "Mitrabha, Guha"]
[Result "1/2-1/2"]
[WhiteElo "2407"]
[BlackElo "2515"]
[PlyCount "130"]
[EventDate "2025.05.02"]
[EventType "swiss (rapid)"]
[EventRounds "9"]
[EventCountry "KUW"]
[SourceTitle "CB19_2025"]
[SourceDate "2025.05.07"]
[SourceVersion "1"]
[SourceVersionDate "2025.05.07"]
[SourceQuality "1"]

1. e4 c6 2. d3 d5 3. Nd2 e5 4. Ngf3 Bd6 5. g3 Nf6 6. Bg2 0-0 7. 0-0 Nbd7 8. Re1 Re8 9. b3 a5 10. a3 Nc5 11. exd5 cxd5 12. Bb2 e4 13. dxe4 dxe4 14. Nc4 exf3 15. Qxd6 Rxe1+ 16. Rxe1 Qxd6 17. Nxd6 fxg2 18. Bxf6 Bh3 19. Bd4 Ne6 20. Be3 b6 21. f4 Rd8 22. Nc4 b5 23. Nxa5 h6 24. Nc6 Ra8 25. f5 Ng5 26. Bxg5 hxg5 27. Nd4 Rxa3 28. Nxb5 Ra5 29. Nd4 Ra6 30. Kf2 g6 31. g4 Bxg4 32. Kxg2 Rd6 33. c3 Bxf5 34. Re5 f6 35. Re7 Kf8 36. Ra7 Be4+ 37. Kf2 g4 38. Ke3 Bd5 39. Kf4 Bf3 40. b4 Rd5 41. Ne6+ Kg8 42. Rg7+ Kh8 43. Rxg6 Rd3 44. c4 Rc3 45. c5 Rc4+ 46. Kg3 Rxb4 47. Rxf6 Rc4 48. Rf5 Bc6 49. Rg5 Bd7 50. Nf8 Be8 51. Ne6 Bd7 52. Nf4 Rc3+ 53. Kh4 Rf3 54. Rd5 Rxf4 55. Rxd7 Rc4 56. Rc7 Kg8 57. c6 Kf8 58. Kg5 Ke8 59. Rc8+ Ke7 60. Kf5 Rc2 61. Kxg4 Rxh2 62. Kf5 Kd6 63. Ke4 Rc2 64. Kd4 Rxc6 65. Rxc6+ Kxc6 1/2-1/2

[Event "Sydney op"]
[Site "Sydney"]
[Date "2025.04.27"]
[Round "9"]
[White "Antonio, Rogelio Jr"]
[Black "Mitrabha, Guha"]
[Result "1/2-1/2"]
[WhiteElo "2363"]
[BlackElo "2505"]
[PlyCount "59"]
[EventDate "2025.04.23"]
[EventType "swiss"]
[EventRounds "9"]
[EventCountry "AUS"]
[SourceTitle "CB18_2025"]
[SourceDate "2025.04.30"]
[SourceVersion "1"]
[SourceVersionDate "2025.04.30"]
[SourceQuality "1"]

1. e4 c6 2. Nc3 d5 3. Nf3 Bg4 4. h3 Bxf3 5. Qxf3 Nf6 6. d4 dxe4 7. Qe3 Nbd7 8. Nxe4 Nxe4 9. Qxe4 Nf6 10. Qd3 e6 11. Be2 Bd6 12. 0-0 Qc7 13. Qf3 h6 14. c4 Qe7 15. Re1 0-0 16. Bd3 Rfd8 17. Be3 Bc7 18. Rad1 Rd7 19. Bc2 Rad8 20. Bb3 Ba5 21. Re2 Bb6 22. Red2 Ba5 23. Re2 Bb6 24. Red2 e5 25. dxe5 Rxd2 26. Rxd2 Qxe5 27. Rxd8+ Bxd8 28. Qf4 Qxf4 29. Bxf4 Bb6 30. Bc2 1/2-1/2

[Event "Sydney op"]
[Site "Sydney"]
[Date "2025.04.27"]
[Round "8"]
[White "Mitrabha, Guha"]
[Black "Chakrabarty, Reyaansh"]
[Result "1-0"]
[WhiteElo "2505"]
[BlackElo "2274"]
[PlyCount "101"]
[EventDate "2025.04.23"]
[EventType "swiss"]
[EventRounds "9"]
[EventCountry "AUS"]
[SourceTitle "CB18_2025"]
[SourceDate "2025.04.30"]
[SourceVersion "1"]
[SourceVersionDate "2025.04.30"]
[SourceQuality "1"]

1. Nf3 d5 2. g3 Nf6 3. Bg2 e6 4. 0-0 Be7 5. c4 0-0 6. d3 c5 7. Ne5 Nbd7 8. Nxd7 Bxd7 9. e4 Bc6 10. Qe2 b5 11. exd5 exd5 12. Nc3 Qd7 13. Nxb5 Rae8 14. Na3 Bd6 15. Qf3 Rc8 16. Qd1 d4 17. Nc2 Qf5 18. f4 h5 19. Bxc6 Rxc6 20. Qf3 Rb6 21. b3 h4 22. Kg2 Bc7 23. Bd2 Ng4 24. Qe4 Qh5 25. h3 hxg3 26. Qf3 Nf6 27. Qxh5 Nxh5 28. Rae1 Re6 29. f5 Rxe1 30. Rxe1 Bf4 31. Ba5 Bd6 32. Bd2 Bf4 33. Bxf4 Nxf4+ 34. Kxg3 Nxd3 35. Rd1 Ne5 36. Kf4 f6 37. Ke4 Rd8 38. Ne1 Nf7 39. Nd3 Ng5+ 40. Kf4 Nxh3+ 41. Kg4 Ng5 42. Nxc5 Kf7 43. b4 g6 44. Rd3 Rd6 45. Kf4 Rd8 46. Ra3 Ra8 47. b5 gxf5 48. Kxf5 Ke7 49. b6 Kd6 50. Rxa7 Rb8 51. Na6 1-0

[Event "Sydney op"]
[Site "Sydney"]
[Date "2025.04.26"]
[Round "6"]
[White "Mitrabha, Guha"]
[Black "Das, Sayantan"]
[Result "0-1"]
[WhiteElo "2505"]
[BlackElo "2416"]
[PlyCount "86"]
[EventDate "2025.04.23"]
[EventType "swiss"]
[EventRounds "9"]
[EventCountry "AUS"]
[SourceTitle "CB18_2025"]
[SourceDate "2025.04.30"]
[SourceVersion "1"]
[SourceVersionDate "2025.04.30"]
[SourceQuality "1"]

1. d4 d5 2. c4 e6 3. Nc3 Nf6 4. cxd5 exd5 5. Bg5 Be6 6. e3 Nbd7 7. Bd3 c6 8. Nge2 h6 9. Bh4 g5 10. Bg3 Nh5 11. Qc2 Nxg3 12. Nxg3 h5 13. Bf5 Qf6 14. Bd3 h4 15. Nf5 0-0-0 16. 0-0-0 Kb8 17. g4 hxg3 18. hxg3 Rxh1 19. Rxh1 g4 20. Kb1 c5 21. dxc5 Nxc5 22. Nd4 Nxd3 23. Qxd3 Qxf2 24. Ncb5 Bc5 25. Nxe6 fxe6 26. Nd4 Bxd4 27. exd4 Rf8 28. Rc1 Qf3 29. Qg6 Qf5+ 30. Qxf5 exf5 31. Rf1 Kc7 32. Kc2 Kd6 33. Rh1 f4 34. Rh6+ Ke7 35. gxf4 Rg8 36. Kd2 g3 37. Rh1 Kf6 38. Ke3 g2 39. Rg1 Kf5 40. Kf3 Rg4 41. Ke3 Rg3+ 42. Kf2 Kxf4 43. b3 Rf3+ 0-1

[Event "Doeberl Cup 62nd"]
[Site "Canberra"]
[Date "2025.04.21"]
[Round "9"]
[White "Thing, Bibek"]
[Black "Mitrabha, Guha"]
[Result "1/2-1/2"]
[WhiteElo "2299"]
[BlackElo "2505"]
[PlyCount "108"]
[EventDate "2025.04.17"]
[EventType "swiss"]
[EventRounds "9"]
[EventCountry "AUS"]
[SourceTitle "CB17_2025"]
[SourceDate "2025.04.23"]
[SourceVersion "1"]
[SourceVersionDate "2025.04.23"]
[SourceQuality "1"]

1. e4 e6 2. d4 d5 3. exd5 exd5 4. Nf3 Nf6 5. Bd3 c5 6. 0-0 c4 7. Re1+ Be7 8. Bf1 0-0 9. b3 cxb3 10. axb3 Nc6 11. h3 Bf5 12. c4 Re8 13. Nc3 Nb4 14. Ba3 Bc2 15. Qd2 Bxb3 16. Rxe7 Qxe7 17. Re1 Qf8 18. Rxe8 Qxe8 19. Bxb4 a5 20. Bxa5 Rxa5 21. Nxd5 Rxd5 22. cxd5 Bxd5 23. Ne5 Qa4 24. Qc3 g6 25. Qe3 Kg7 26. Ng4 Nxg4 27. hxg4 Qd7 28. g5 Qe6 29. Qf4 Bc6 30. Qe5+ Qxe5 31. dxe5 b5 32. f4 b4 33. Bc4 Kf8 34. Kf2 Ke7 35. Ke3 Bd7 36. Kd4 Be6 37. Bd3 b3 38. Kc3 Kd7 39. Bb5+ Ke7 40. Ba4 Bd5 41. g3 Ke6 42. g4 b2 43. Kxb2 Bf3 44. Bb3+ Ke7 45. f5 Bxg4 46. f6+ Kf8 47. Kc3 Bf5 48. Kd4 Bg4 49. Kc5 Bf5 50. Kd6 Bg4 51. Bd5 Bf5 52. Bc6 Be6 53. Bd7 Bb3 54. Bh3 Ba2 1/2-1/2

[Event "Doeberl Cup 62nd"]
[Site "Canberra"]
[Date "2025.04.19"]
[Round "5"]
[White "Das, Sayantan"]
[Black "Mitrabha, Guha"]
[Result "1/2-1/2"]
[WhiteElo "2416"]
[BlackElo "2505"]
[PlyCount "62"]
[EventDate "2025.04.17"]
[EventType "swiss"]
[EventRounds "9"]
[EventCountry "AUS"]
[SourceTitle "CB17_2025"]
[SourceDate "2025.04.23"]
[SourceVersion "1"]
[SourceVersionDate "2025.04.23"]
[SourceQuality "1"]

1. e4 c6 2. d4 d5 3. e5 Bf5 4. Nf3 e6 5. Be2 Nd7 6. 0-0 Ne7 7. Nbd2 h6 8. Nb3 a6 9. a4 Qc7 10. Bd2 g5 11. Rc1 Ng6 12. Ne1 Ne7 13. Bb4 Nc8 14. Ba5 Qb8 15. c4 Ne7 16. Nc2 b6 17. Bd2 dxc4 18. Bxc4 Bg7 19. Ne3 Bg6 20. Bb4 c5 21. dxc5 Nc6 22. Bc3 Ndxe5 23. cxb6 Qxb6 24. a5 Qa7 25. Qd6 Bf8 26. Qd2 Bg7 27. Qd6 Bf8 28. Qd2 Bg7 29. Qd6 Bf8 30. Qd1 Bg7 31. Qd6 Bf8 1/2-1/2

[Event "Doeberl Cup 62nd"]
[Site "Canberra"]
[Date "2025.04.18"]
[Round "4"]
[White "Mitrabha, Guha"]
[Black "Antonio, Rogelio Jr"]
[Result "1-0"]
[WhiteElo "2505"]
[BlackElo "2363"]
[PlyCount "89"]
[EventDate "2025.04.17"]
[EventType "swiss"]
[EventRounds "9"]
[EventCountry "AUS"]
[SourceTitle "CB17_2025"]
[SourceDate "2025.04.23"]
[SourceVersion "1"]
[SourceVersionDate "2025.04.23"]
[SourceQuality "1"]

1. d4 Nf6 2. c4 e6 3. Nf3 Bb4+ 4. Bd2 Qe7 5. g3 Nc6 6. Bg2 Bxd2+ 7. Nbxd2 d6 8. 0-0 0-0 9. e4 e5 10. d5 Nb8 11. Ne1 Bg4 12. f3 Bd7 13. Nd3 c6 14. Qb3 cxd5 15. cxd5 b5 16. f4 Ng4 17. Rfc1 Qd8 18. Kh1 Qb6 19. Rf1 Na6 20. fxe5 Nxe5 21. Nxe5 dxe5 22. Qc3 Qd6 23. Rac1 Rfc8 24. Qe3 Qb6 25. Qa3 Rxc1 26. Rxc1 Qh6 27. Nb3 Re8 28. h4 g5 29. Rc6 Bxc6 30. Qxa6 gxh4 31. Qxc6 Re6 32. Qc1 hxg3+ 33. Qxh6 Rxh6+ 34. Kg1 Rf6 35. Bh3 h5 36. Nc5 Rf2 37. d6 Rd2 38. d7 Kf8 39. Nb7 Ke7 40. d8Q+ Rxd8 41. Nxd8 Kxd8 42. Kg2 h4 43. Kf3 Ke7 44. Kg4 Kd6 45. b4 1-0

[Event "Doeberl Cup 62nd"]
[Site "Canberra"]
[Date "2025.04.17"]
[Round "1"]
[White "Leong, Benjamin"]
[Black "Mitrabha, Guha"]
[Result "0-1"]
[WhiteElo "2104"]
[BlackElo "2505"]
[PlyCount "106"]
[EventDate "2025.04.17"]
[EventType "swiss"]
[EventRounds "9"]
[EventCountry "AUS"]
[SourceTitle "CB17_2025"]
[SourceDate "2025.04.23"]
[SourceVersion "1"]
[SourceVersionDate "2025.04.23"]
[SourceQuality "1"]

1. e4 c5 2. Nc3 Nc6 3. Bb5 Nd4 4. Nf3 a6 5. Bd3 g6 6. Nxd4 cxd4 7. Ne2 Bg7 8. c3 dxc3 9. dxc3 Nf6 10. 0-0 0-0 11. a4 d6 12. a5 Ng4 13. h3 Ne5 14. Be3 Be6 15. Bd4 Qc8 16. Ra4 Bd7 17. Ra2 Nxd3 18. Bxg7 Kxg7 19. Qxd3 Bb5 20. Qc2 f5 21. Re1 fxe4 22. Qxe4 e5 23. b3 Qc7 24. c4 Bc6 25. Qe3 Rf6 26. Nc3 Raf8 27. Rd1 Rf5 28. Nd5 Qd8 29. Qb6 Qh4 30. Qc7+ R8f7 31. Qxd6 Rg5 32. f4 exf4 33. Nc7 Kh6 34. Ne6 Rxg2+ 35. Rxg2 Bxg2 36. Qd8 Qg3 37. Qg5+ Qxg5 38. Nxg5 Kxg5 39. Kxg2 Kh4 40. b4 Rc7 41. c5 g5 42. Rd6 h5 43. Rf6 Rd7 44. c6 bxc6 45. Rxc6 Rd2+ 46. Kf1 f3 47. Ke1 Re2+ 48. Kd1 Re4 49. Rxa6 f2 50. Rf6 Re1+ 51. Kd2 f1Q 52. Rxf1 Rxf1 53. b5 Rf5 0-1

[Event "Melbourne op"]
[Site "Melbourne"]
[Date "2025.04.14"]
[Round "9"]
[White "Mitrabha, Guha"]
[Black "Liu, Yi"]
[Result "1-0"]
[WhiteElo "2505"]
[BlackElo "2263"]
[PlyCount "105"]
[EventDate "2025.04.07"]
[EventType "swiss"]
[EventRounds "9"]
[EventCountry "AUS"]
[SourceTitle "CB16_2025"]
[SourceDate "2025.04.16"]
[SourceVersion "1"]
[SourceVersionDate "2025.04.16"]
[SourceQuality "1"]

1. Nf3 d5 2. g3 Nc6 3. d4 Bf5 4. Bg2 Nb4 5. Na3 e6 6. c3 Nc6 7. Qb3 Rb8 8. 0-0 Nf6 9. Bg5 h6 10. Bxf6 Qxf6 11. Nd2 Bxa3 12. Qxa3 Qe7 13. Qb3 0-0 14. e4 dxe4 15. Nxe4 e5 16. dxe5 Qxe5 17. Rfe1 Qa5 18. a4 Rfd8 19. Qb5 a6 20. Qxa5 Nxa5 21. Nc5 Bc2 22. Ra3 Nc4 23. Ra2 Nd6 24. b4 Bf5 25. h4 Kf8 26. Rae2 Bc8 27. Nb3 Bg4 28. Re3 Re8 29. Nc5 Rxe3 30. Rxe3 h5 31. Bf3 Nc4 32. Re1 Bc8 33. Bxh5 b6 34. Nb3 Bd7 35. Ra1 a5 36. Be2 Nb2 37. bxa5 bxa5 38. Nc5 Bc6 39. Bf3 Be8 40. h5 Ke7 41. Re1+ Kf8 42. Ra1 Rb6 43. g4 Ke7 44. g5 Bc6 45. Re1+ Kd6 46. Ne4+ Ke5 47. h6 gxh6 48. gxh6 Kf4 49. h7 Rb8 50. Nf6 Bxf3 51. Re8 Rxe8 52. Nxe8 Be4 53. h8Q 1-0

[Event "Melbourne op"]
[Site "Melbourne"]
[Date "2025.04.10"]
[Round "4"]
[White "Bagamasbad, Efren"]
[Black "Mitrabha, Guha"]
[Result "0-1"]
[WhiteElo "1937"]
[BlackElo "2505"]
[PlyCount "174"]
[EventDate "2025.04.07"]
[EventType "swiss"]
[EventRounds "9"]
[EventCountry "AUS"]
[SourceTitle "CB16_2025"]
[SourceDate "2025.04.16"]
[SourceVersion "1"]
[SourceVersionDate "2025.04.16"]
[SourceQuality "1"]

1. d4 Nf6 2. Nf3 b6 3. g3 Bb7 4. Bg2 c5 5. dxc5 bxc5 6. c4 g6 7. b3 Bg7 8. Bb2 0-0 9. 0-0 d6 10. Nc3 Nbd7 11. Qc2 Bc6 12. Rad1 Qb6 13. Nh4 Ne5 14. Bxc6 Nxc6 15. Nf3 Qb7 16. Qb1 a5 17. Na4 Nb4 18. Nd2 Rfb8 19. Rfe1 Ra6 20. e4 Ng4 21. Bxg7 Kxg7 22. f4 f6 23. h3 Nh6 24. Re3 Qd7 25. Kg2 Nc6 26. Nf3 Nd4 27. Nxd4 cxd4 28. Red3 e5 29. Rf3 Rc6 30. Qd3 Qb7 31. g4 Nf7 32. f5 Rcc8 33. Re1 h5 34. gxh5 g5 35. Rg3 Rh8 36. Kf2 Rxh5 37. Ke2 Rbh8 38. Kd1 Qc6 39. Kc1 Rh4 40. Kb1 Nd8 41. Qd2 Nf7 42. Qd3 Kf8 43. Nb2 Nd8 44. Na4 Nb7 45. Re2 Ke7 46. Kb2 R8h7 47. Re1 Rf4 48. Rg4 Rf2+ 49. Kb1 Rh2 50. Rg3 Rh4 51. Ka1 Kd8 52. Kb1 Kc8 53. Ka1 Nc5 54. Nxc5 Qxc5 55. Re2 Rxe2 56. Qxe2 Qc6 57. Qe1 Qa8 58. Rg4 Rxh3 59. Qf1 Rh2 60. Qg1 Rh7 61. Qe1 Qa7 62. Qd2 Rh1+ 63. Kb2 a4 64. Rg2 axb3 65. a3 Qb7 66. Re2 Rh4 67. Qd3 Kd8 68. c5 dxc5 69. Qc4 Qc6 70. Kxb3 Ke7 71. Ka2 Rh8 72. Rb2 g4 73. Rb5 Rc8 74. Rb2 g3 75. Rg2 Qe8 76. Qe6+ Kf8 77. Qxf6+ Qf7+ 78. Qxf7+ Kxf7 79. Rxg3 c4 80. Kb2 c3+ 81. Kc2 Ra8 82. Rg6 Rxa3 83. Rc6 Ra2+ 84. Kd1 Rd2+ 85. Ke1 Rh2 86. Rc7+ Kf8 87. Rc5 c2 0-1

[Event "Melbourne op"]
[Site "Melbourne"]
[Date "2025.04.08"]
[Round "3"]
[White "Mitrabha, Guha"]
[Black "Balanandan, Ayyappan"]
[Result "1-0"]
[WhiteElo "2505"]
[BlackElo "1949"]
[PlyCount "59"]
[EventDate "2025.04.07"]
[EventType "swiss"]
[EventRounds "9"]
[EventCountry "AUS"]
[SourceTitle "CB16_2025"]
[SourceDate "2025.04.16"]
[SourceVersion "1"]
[SourceVersionDate "2025.04.16"]
[SourceQuality "1"]

1. d4 Nf6 2. Bg5 g6 3. Bxf6 exf6 4. c4 Bg7 5. Nc3 0-0 6. g3 Re8 7. Bg2 Nc6 8. e3 f5 9. Nge2 Rb8 10. Rb1 a6 11. b4 Kh8 12. h4 h6 13. 0-0 Ne7 14. Qb3 d6 15. Nf4 g5 16. hxg5 hxg5 17. Nh5 Ng6 18. c5 Be6 19. Bd5 c6 20. Bxe6 fxe6 21. cxd6 Qxd6 22. Kg2 Kg8 23. Rh1 Kf7 24. Rbd1 Ne7 25. e4 Kg6 26. exf5+ Nxf5 27. Nxg7 Kxg7 28. Rh5 Kf7 29. Rxg5 Rg8 30. Rxf5+ 1-0

[Event "Titled Tuesday intern op 25th Mar Early"]
[Site "Chess.com INT"]
[Date "2025.03.25"]
[Round "9"]
[White "Mitrabha, Guha"]
[Black "Niemann, Hans Moke"]
[Result "0-1"]
[WhiteElo "2499"]
[BlackElo "2734"]
[PlyCount "72"]
[EventDate "2025.03.25"]
[EventType "swiss (blitz)"]
[EventRounds "11"]
[EventCountry "USA"]
[SourceTitle "CB14_2025"]
[SourceDate "2024.11.01"]
[SourceVersion "1"]
[SourceVersionDate "2024.11.01"]
[SourceQuality "1"]

1. d4 c6 2. c4 Nf6 3. Nc3 d5 4. cxd5 cxd5 5. Bf4 Nc6 6. e3 a6 7. Rc1 Bg4 8. f3 Bf5 9. g4 Bd7 10. Bd3 e6 11. Nge2 Be7 12. h4 Rc8 13. h5 h6 14. Kf1 b5 15. Kf2 Qb6 16. Ng3 0-0 17. g5 hxg5 18. Bxg5 Ng4+ 19. fxg4 Bxg5 20. Nce2 e5 21. Bf5 Be6 22. Qd3 e4 23. Qd2 g6 24. hxg6 fxg6 25. Rcg1 Ne7 26. Ke1 Rc7 27. Bxe6+ Qxe6 28. Nc3 Rf3 29. Qh2 Qf6 30. Nge2 Rc4 31. Rf1 Bxe3 32. a3 a5 33. Rxf3 exf3 34. Qb8+ Rc8 35. Qxb5 fxe2 36. Nxd5 Qf2# 0-1

[Event "Titled Tuesday intern op 25th Mar Early"]
[Site "Chess.com INT"]
[Date "2025.03.25"]
[Round "7"]
[White "Plyasunov, Daniil"]
[Black "Mitrabha, Guha"]
[Result "0-1"]
[WhiteElo "2300"]
[BlackElo "2499"]
[PlyCount "70"]
[EventDate "2025.03.25"]
[EventType "swiss (blitz)"]
[EventRounds "11"]
[EventCountry "USA"]
[SourceTitle "CB14_2025"]
[SourceDate "2024.11.01"]
[SourceVersion "1"]
[SourceVersionDate "2024.11.01"]
[SourceQuality "1"]

1. e4 d6 2. d4 Nc6 3. d5 Ne5 4. f4 Ng6 5. Nf3 e6 6. c4 Nf6 7. Nc3 Be7 8. Bd3 0-0 9. Bd2 exd5 10. cxd5 c6 11. f5 Ne5 12. Nxe5 dxe5 13. Qf3 cxd5 14. exd5 Re8 15. 0-0-0 a6 16. g4 Bb4 17. g5 e4 18. Nxe4 Nxe4 19. Bxb4 Qxg5+ 20. Kb1 Bxf5 21. Rhg1 Qf6 22. Rdf1 Bg6 23. Qh3 Qd4 24. Ba5 Nd2+ 25. Ka1 Nxf1 26. Bxg6 hxg6 27. Rxf1 Qxd5 28. Bc3 Rad8 29. a3 Re4 30. Qf3 Rde8 31. h4 Qf5 32. Qh1 Qg4 33. h5 Qxh5 34. Qg2 Qd5 35. Rh1 Re1+ 0-1

[Event "IND-ch Blitz"]
[Site "Mahilong"]
[Date "2025.03.23"]
[Round "6"]
[White "Laxman, Rajaram"]
[Black "Mitrabha, Guha"]
[Result "0-1"]
[WhiteElo "2373"]
[BlackElo "2530"]
[PlyCount "102"]
[EventDate "2025.03.23"]
[EventType "swiss (blitz)"]
[EventRounds "11"]
[EventCountry "IND"]
[SourceTitle "CB13_2025"]
[SourceDate "2025.03.26"]
[SourceVersion "1"]
[SourceVersionDate "2025.03.26"]
[SourceQuality "1"]

1. Nf3 Nf6 2. c4 b6 3. g3 Bb7 4. Bg2 c5 5. Nc3 g6 6. 0-0 Bg7 7. d4 cxd4 8. Nxd4 Bxg2 9. Kxg2 Qc8 10. Qd3 h5 11. h4 Nc6 12. Nxc6 Qxc6+ 13. f3 Rc8 14. Bg5 Qxc4 15. Qd2 Qe6 16. e4 0-0 17. Rfe1 d6 18. Nd5 Rc5 19. Nf4 Qd7 20. Rad1 Qc6 21. Re2 Rc8 22. Bxf6 Bxf6 23. Nd5 Rc2 24. Nxf6+ exf6 25. Qxc2 Qxc2 26. Rxc2 Rxc2+ 27. Kh3 Rxb2 28. Rxd6 Rxa2 29. Rxf6 b5 30. e5 Kg7 31. Rc6 b4 32. Rc7 Kf8 33. Rb7 a5 34. g4 hxg4+ 35. Kxg4 Rg2+ 36. Kf4 Ke8 37. Rb5 Kd7 38. Rxa5 b3 39. Rb5 b2 40. Ke4 Kc6 41. Rb8 Kc5 42. f4 Kc4 43. f5 Kc3 44. fxg6 Rxg6 45. Kf5 Rc6 46. h5 Kc2 47. Kg5 b1Q 48. Rxb1 Kxb1 49. h6 Re6 50. h7 Rxe5+ 51. Kf6 Rh5 0-1

[Event "IND-ch Blitz"]
[Site "Mahilong"]
[Date "2025.03.23"]
[Round "5"]
[White "Mitrabha, Guha"]
[Black "Harshavardhan, GB."]
[Result "1-0"]
[WhiteElo "2530"]
[BlackElo "2231"]
[PlyCount "95"]
[EventDate "2025.03.23"]
[EventType "swiss (blitz)"]
[EventRounds "11"]
[EventCountry "IND"]
[SourceTitle "CB13_2025"]
[SourceDate "2025.03.26"]
[SourceVersion "1"]
[SourceVersionDate "2025.03.26"]
[SourceQuality "1"]

1. c4 e5 2. g3 Nf6 3. Bg2 c6 4. d4 Bb4+ 5. Bd2 Bxd2+ 6. Qxd2 d6 7. Nc3 Nbd7 8. d5 c5 9. e3 a6 10. Nge2 0-0 11. 0-0 b5 12. cxb5 axb5 13. Nxb5 Nb6 14. Nec3 Ba6 15. a4 Qd7 16. b3 c4 17. Rfb1 cxb3 18. Bf1 e4 19. Qd4 Bxb5 20. Bxb5 Qc7 21. Bc6 Ra5 22. Rxb3 Rc5 23. a5 Nc4 24. Rb7 Qc8 25. Nxe4 Nxe4 26. Qxe4 Nxa5 27. Rb6 Qc7 28. Ra6 h6 29. Qa4 Nc4 30. Ra8 Nb6 31. Rxf8+ Kxf8 32. Qd4 Kg8 33. Qe4 Qd8 34. Kg2 Rc4 35. Qf5 Qc7 36. Rb1 Rc5 37. Qe4 g6 38. h4 h5 39. Qe8+ Kg7 40. Qe4 Kg8 41. Rd1 Kg7 42. Qd4+ Kg8 43. Qf6 Nc8 44. Ra1 Nb6 45. Rd1 Nc8 46. Rd4 Ne7 47. Re4 Nxc6 48. Re8+ 1-0

[Event "IND-ch Blitz"]
[Site "Mahilong"]
[Date "2025.03.23"]
[Round "2"]
[White "Narendra, Agarwal"]
[Black "Mitrabha, Guha"]
[Result "0-1"]
[WhiteElo "1865"]
[BlackElo "2530"]
[PlyCount "168"]
[EventDate "2025.03.23"]
[EventType "swiss (blitz)"]
[EventRounds "11"]
[EventCountry "IND"]
[SourceTitle "CB13_2025"]
[SourceDate "2025.03.26"]
[SourceVersion "1"]
[SourceVersionDate "2025.03.26"]
[SourceQuality "1"]

1. Nf3 Nf6 2. b3 d5 3. e3 Bg4 4. Be2 Nbd7 5. d4 e6 6. a3 Bd6 7. Bb2 Ne4 8. Nbd2 f5 9. Nxe4 fxe4 10. Ne5 Bxe2 11. Qxe2 Bxe5 12. dxe5 0-0 13. Qg4 Rf5 14. 0-0 Qg5 15. Qg3 Raf8 16. c4 dxc4 17. bxc4 Qh5 18. Rad1 Nc5 19. Bd4 Nb3 20. h4 b6 21. Bc3 Qf7 22. Qg4 Rxf2 23. Rxf2 Qxf2+ 24. Kh2 Qf7 25. Qxe4 Nc5 26. Qg4 a5 27. Bd4 Nd7 28. Bc3 h6 29. h5 Nb8 30. c5 bxc5 31. Bxa5 Nc6 32. Bc3 Ne7 33. Rd7 Qf5 34. Qxf5 Nxf5 35. Rxc7 Nxe3 36. Rxc5 Ra8 37. Bb4 Nd5 38. Kg3 Rb8 39. Rc4 Rb5 40. Bd6 Rb3+ 41. Kh2 Rb2 42. Rg4 Ne3 43. Rg3 Nf1+ 44. Kh3 Nxg3 45. Kxg3 Kf7 46. Kh3 Rb3+ 47. Kh4 Rc3 48. g3 Rc4+ 49. g4 Ra4 50. Kg3 Rd4 51. Kf3 g6 52. hxg6+ Kxg6 53. Kg3 Ra4 54. Kf3 Ra7 55. Kf4 Kf7 56. Ke4 Ra8 57. Kf4 Ke8 58. Kg3 Ra4 59. Kh4 Kf7 60. Kg3 Kg6 61. Kf3 Ra8 62. Kf4 Rg8 63. Kg3 Rg7 64. Kh4 Rb7 65. Kg3 Rb3+ 66. Kf4 Rc3 67. Ke4 Kg5 68. Kd4 Rc1 69. Bf8 Rh1 70. a4 Kxg4 71. a5 h5 72. Kc5 Ra1 73. Kb6 h4 74. a6 h3 75. Bb4 Rxa6+ 76. Kxa6 h2 77. Kb6 h1Q 78. Bd6 Kf5 79. Kc7 Kg6 80. Kd7 Qd5 81. Ke7 Kf5 82. Kf7 Qb7+ 83. Ke8 Kg6 84. Kf8 Qf7# 0-1

[Event "IND-ch Blitz"]
[Site "Mahilong"]
[Date "2025.03.23"]
[Round "10"]
[White "Pranesh, Munirethinam"]
[Black "Mitrabha, Guha"]
[Result "0-1"]
[WhiteElo "2548"]
[BlackElo "2530"]
[PlyCount "80"]
[EventDate "2025.03.23"]
[EventType "swiss (blitz)"]
[EventRounds "11"]
[EventCountry "IND"]
[SourceTitle "CB13_2025"]
[SourceDate "2025.03.26"]
[SourceVersion "1"]
[SourceVersionDate "2025.03.26"]
[SourceQuality "1"]

1. e4 c6 2. d4 d5 3. e5 Bf5 4. Ne2 e6 5. Ng3 Bg6 6. h4 h5 7. c4 Be7 8. Nc3 Bxh4 9. Nge2 Bg5 10. Bxg5 Qxg5 11. Qb3 Qe7 12. Nf4 Nh6 13. Nxh5 Bxh5 14. Rxh5 g6 15. Rh3 Kf8 16. g4 Kg7 17. Be2 dxc4 18. Qxc4 Nd7 19. Ne4 Nb6 20. Qb3 Nd5 21. Nd6 Rad8 22. Qf3 f5 23. gxf5 Nxf5 24. Nxf5+ exf5 25. Rg3 Qb4+ 26. Kf1 Ne7 27. Qe3 Rh1+ 28. Rg1 Rxg1+ 29. Kxg1 Qxd4 30. Qxd4 Rxd4 31. Bf3 g5 32. a4 Kf7 33. Ra3 Ke6 34. a5 Kxe5 35. Rb3 Rd7 36. Kg2 Nd5 37. Kg3 Nf6 38. Re3+ Kd6 39. Rd3+ Kc7 40. Re3 f4+ 0-1

[Event "IND-ch Blitz"]
[Site "Mahilong"]
[Date "2025.03.23"]
[Round "8"]
[White "Raja, Rithvik R"]
[Black "Mitrabha, Guha"]
[Result "0-1"]
[WhiteElo "2413"]
[BlackElo "2530"]
[PlyCount "92"]
[EventDate "2025.03.23"]
[EventType "swiss (blitz)"]
[EventRounds "11"]
[EventCountry "IND"]
[SourceTitle "CB13_2025"]
[SourceDate "2025.03.26"]
[SourceVersion "1"]
[SourceVersionDate "2025.03.26"]
[SourceQuality "1"]

1. d4 Nf6 2. c4 e6 3. Nf3 Bb4+ 4. Bd2 a5 5. a3 Bxd2+ 6. Qxd2 b6 7. Nc3 Bb7 8. d5 d6 9. e4 e5 10. Bd3 Nbd7 11. 0-0 a4 12. Bc2 Nc5 13. Ne1 Bc8 14. f3 Bd7 15. Nd3 0-0 16. Nb4 Qe8 17. Rae1 Kh8 18. Kh1 Ng8 19. g3 f5 20. exf5 Bxf5 21. f4 Bxc2 22. Qxc2 Qh5 23. fxe5 Rxf1+ 24. Rxf1 Qxe5 25. Nc6 Qh5 26. Qf5 Qxf5 27. Rxf5 Nf6 28. Nb5 Re8 29. Ncd4 Re7 30. Kg2 h6 31. Rf2 Nd3 32. Rd2 Ne5 33. Re2 Rf7 34. Ne6 Nxc4 35. Nexc7 Ng4 36. Re8+ Kh7 37. Ne6 g5 38. Nf8+ Kg7 39. Ne6+ Kh7 40. Nf8+ Kg7 41. Ne6+ Kg6 42. Nf8+ Kg7 43. Ne6+ Kg6 44. Nf8+ Kh5 45. h3 Nce3+ 46. Rxe3 Nxe3+ 0-1

[Event "IND-ch Rapid"]
[Site "Mahilong"]
[Date "2025.03.22"]
[Round "10"]
[White "Mitrabha, Guha"]
[Black "Vignesh, B2."]
[Result "1-0"]
[WhiteElo "2490"]
[BlackElo "2082"]
[PlyCount "95"]
[EventDate "2025.03.20"]
[EventType "tourn (rapid)"]
[EventRounds "11"]
[EventCountry "IND"]
[SourceTitle "CB13_2025"]
[SourceDate "2025.03.26"]
[SourceVersion "1"]
[SourceVersionDate "2025.03.26"]
[SourceQuality "1"]

1. Nf3 d5 2. c4 c6 3. cxd5 cxd5 4. d4 Nc6 5. Nc3 Nf6 6. Bf4 e6 7. e3 Bd6 8. Bg5 h6 9. Bh4 a6 10. Rc1 Bd7 11. Bd3 Rc8 12. 0-0 g5 13. Bg3 Bxg3 14. hxg3 Qc7 15. e4 dxe4 16. Nxe4 Nxe4 17. Bxe4 Qd6 18. d5 exd5 19. Bxd5 Qf6 20. Re1+ Kf8 21. Qb3 b5 22. Nd2 Bf5 23. Qf3 Ne7 24. Rxc8+ Nxc8 25. g4 Qxb2 26. Qxf5 Nd6 27. Qd3 Kg7 28. Bb3 Rd8 29. Ne4 Nxe4 30. Qxe4 a5 31. Qf5 Qf6 32. Qxb5 Rd2 33. Qe5 Rxf2 34. Qxf6+ Rxf6 35. Rf1 Rb6 36. Rxf7+ Kg6 37. Ra7 Rb4 38. Ra6+ Kg7 39. Rxa5 Rxg4 40. a4 h5 41. Bd1 Rd4 42. Bxh5 Kh6 43. Be8 g4 44. Kf2 Rd3 45. Rh5+ Kg7 46. Rg5+ Kf8 47. Bb5 Rd4 48. Kg3 1-0